02110agaaa2200301 45000010005000000030009000050050017000140070009000310080040000400400023000800410014001031000051001171300027001682400032001952450192002272460025004192500022004442600107004663000034005735080126006075110090007335200762008235380016015855460014016016500065016157000063016807000065017430466IT-RoPAU20220918181300.0d cvaizq50131s9999||||xx ||| | || ||und|| aIT-RoPAUcIT-RoPAU aITALIANO  aTarantino QuentingCodice regista SPICS: 42150 aBASTARDI SENZA GLORIA  aINGLORIOUS BASTARDS gT3877 aBASTARDI SENZA GLORIA cProdotto da: Tarantino Q. Fisser -- Sceneggiatura: Tarantino Quentin -- Diretto da: Tarantino QuentinpBASTARDI SENZA GLORIA (Rif. Codice opera principale : K0466) aINGLORIOUS BASTARDS  aEdizione Standard a(USA - GERMANIA )bN.d. / Distribuzione: FELTRINELLI g"2009 (1° ed.: 2010 ; Ed. Lingua Orig.: 2009)" aDVDbsonoro, col.c146 minuti a"Fotografia: Richardson Robert ; Montaggio: Menke Sally ; Sceneggiatura: Tarantino Quentin ; Scenografia: Wasco David ; " a"Pitt Brad; Waltz Christoph; Kruger Diane; Laurent Melanie; Roth Eli; Bruhl Daniel; " aNELLA FRANCIA OCCUPATA DAI TEDESCHI, SHOSANNA DREYFUS ASSISTE ALL'ESECUZIONE DELLA FAMIGLIA PER MANO DEL COLONNELLO NAZISTA HANS LANDA. SHOSANNA RIESCE MIRACOLOSAMENTE A SCAPPARE E SI RIFUGIA A PARIGI DOVE, CON UNA NUOVA IDENTITA', DIVENTA LA PROPRIETARIA DI UN CINEMA. ALTROVE IN EUROPA IL TENENTE ALDO RAINE STA ORGANIZZANDO UN GRUPPO DI SOLDATI EBREI, INGAGGIATI APPOSITAMENTE PER UN'AZIONE PUNITIVA. CONOSCIUTI DAL NEMICO COME I BASTARDI I MEMBRI DELLA SQUADRA DI RAINE ENTRANO IN CONTATTO CON L'ATTRICE TEDESCA E AGENTE SEGRETO BRIDGET VON HAMMERSMARK PER PORTARE A TERMINE LA MISSIONE DI FAR CADERE I VERTICI DEL TERZO REICH. IL DESTINO LI PORTERA' IN UNA SALA CINEMATOGRAFICA, PROPRIO DOVE SHOSANNA E' SUL PUNTO DI METTERE IN ATTO LA SUA VENDETTA...  aPAL, STEREO aITALIANO  aDRAMMA - GUERRA eDVD-FILM [DVD]xCodice MATERIA SPICS: 9947 aTarantino Quentin e(regista)gCodice regista SPICS: 42150 aTarantino Quentin e(soggetto)gCodice Soggetto SPICS: 42150